000 00704nam a2200205Ii 4500
003 JO-AjNU
008 230605s9999||||xx |||||||||||||| ||und||
040 _aJO-AjNU
_bara
_erda
_cJO-AjNU
041 _aara
050 1 4 _aLB2846.A3 1987
100 3 _aعدس، عبد الرحمن ,
_eauthor
_957737
245 0 0 _aمبادى الاحصاء في التربية وعلم النفس
250 _aط4
264 3 1 _aعمان: دار الفكر للنشر الثقافي، 1987
300 _a311ص
_bببليوجرافيا 289-311
336 _atext
_btxt
_2rdacontent
337 _aunmediated
_bn
_2rdamedia
338 _avolume
_bnc
_2rdacarrier
650 4 _aالتعليم-طرق احصائية
_957738
999 _aA25891
_c29459
_d29459